000 00824nam a22002412 4500
001 0000019458
005 20151217145915.0
008 101117s xx 000 0 eng d
020 _a0521753616 :
040 _aKABU
_cKABU
100 1 _aSimpson, Audrey.
_@0000179767
245 1 0 _aTeaching and assessing skills in mathematics /
_cAudrey Simpson.
250 _a1st ed.
260 _aCambridge :
_bC. U. P.,
_c2003.
300 _aiv, 76 p.
650 0 _aMathematics
_xStudy and teaching.
_@0000159607
852 1 _9p1943.50 KES
852 1 _9p1943.50 KES
852 1 _9p1943.50 KES
852 1 _9p1827 KES
908 _a101117
950 _@1
999 _c3943
_d3943